Anime Adventures - Statistics

General Stats
  • This quiz has been taken 113 times
  • The average score is 7 of 15
Answer Stats
Question Answer % Correct
When did the game come out? 2022
83%
Only summonable secret? Lulu
73%
How many banners were there in total?(event counts too) 4
72%
What is the rarest unit in game? Shiny Dio Overheaven
68%
Best trait ingame? Unique
63%
The unit with most evolutions? Aizen
60%
What anime was the first update? One Piece
59%
Halloween event secret unit? Allucard
55%
Secret unit added as a "joke"? Veko
37%
First infinity castle unit? Tengen
28%
First secret added in game?(non-summonable) Fire Fist
26%
Last infinity castle unit you could get? Cooler
23%
Second secret? Renzi
21%
Secret unit that is only "shiny"? Denjy
19%
Only unit obtainable from code? Mecha Freezo
15%
No matching quizzes found
Score Distribution
Percent of People with Each Score
Percentile by Number Answered
Your Score History
You have not taken this quiz